| 000 | 00623nam a2200217 a 4500 | ||
|---|---|---|---|
| 001 | 67797 | ||
| 003 | BD-RjUL | ||
| 005 | 20211209081708.0 | ||
| 008 | 170328s1966 enka bi 001 0 eng d | ||
| 035 | _a(BD-RjUL)68006 | ||
| 040 |
_aBD-RjUL _beng _cBD-RjUL |
||
| 041 | _aeng | ||
| 082 |
_223 _a578.77 _bBOB 1966 |
||
| 100 | 1 |
_aBoney, A. D. _q(Arthur Donald), _9200982 |
|
| 245 | 1 | 2 |
_aA biology of marine algae / _cA.D. Boney |
| 260 |
_aLondon : _bHutchinson Educational, _c1966 |
||
| 300 |
_a216 p. : _bill. ; _c25 cm. |
||
| 504 | _aIncludes Bibliography and Indexes. | ||
| 650 | 0 |
_aMarine boilogy _9200983 |
|
| 942 |
_2ddc _cBK |
||
| 999 |
_c67797 _d67797 |
||